000 00685nam a2200217Ia 4500
005 20241129104111.0
008 241129s9999||||xx |||||||||||||| ||und||
020 _a9781071803820
037 _aTextual
040 _aRTL
_beng
_cRTL
041 _aeng
_2eng
084 _aX:87 R1
_qRTL
100 _aRaskin Candace; Krull Melissa; Felix Antonia
_9724770
245 0 _aPrincipal leadership for racial equity: A field guide developing race consciousness
_cRaskin Candace; Krull Melissa; Felix Antonia
260 _aCalifornia
_bCorwin
_c2021
300 _axx,226p.
365 _aINR
_b3039.13
650 _aCommerce
942 _cTB
_hX:87 R1
999 _c1224423
_d1224423